Parliaments as peacebuilders in conflict-affected countries (Record no. 13675)
[ view plain ]
| 000 -LEADER | |
|---|---|
| fixed length control field | 01674nam a2200409Ia 4500 |
| 082 04 - DEWEY DECIMAL CLASSIFICATION NUMBER | |
| Classification number | 328.309172/4 |
| 245 00 - TITLE STATEMENT | |
| Title | Parliaments as peacebuilders in conflict-affected countries |
| 260 ## - PUBLICATION, DISTRIBUTION, ETC. (IMPRINT) | |
| Place of publication | Washington, D.C. : |
| Name of publisher | World Bank, |
| Year of publication | c2008. |
| 300 ## - PHYSICAL DESCRIPTION | |
| Number of Pages | xvi, 237 p. : |
| Other physical details | ill. |
| 490 1# - SERIES STATEMENT | |
| Series statement | WBI learning resource series |
| 650 #0 - SUBJECT ADDED ENTRY--TOPICAL TERM | |
| Topical Term | Legislative bodies |
| Topical Term | Resource allocation |
| Topical Term | Conflict management |
| Topical Term | Consensus (Social sciences) |
| 700 1# - ADDED ENTRY--PERSONAL NAME | |
| Personal name | O'Brien, Mitchell. |
| Personal name | Stapenhurst, Rick. |
| Personal name | Johnston, Niall, |
| 856 40 - ELECTRONIC LOCATION AND ACCESS | |
| Uniform Resource Identifier | http://site.ebrary.com/lib/rucke/Doc?id=10252481 |
No items available.
